Responses for Show #4499 - Thursday, March 11, 2004

Contestants

[<< previous game]

Doug Meyer, an editor from Newton, Massachusetts

Donna Isbell Walker, an entertainment writer from Greenville, South Carolina

Bobby Goldstein, a database administrator from Arlington, Massachusetts (whose 2-day cash winnings total $36,400)

[next game >>]

Jeopardy! Round responses

HOOKED ON PHOENIX
(Alex: Not phonics!)
HI YA, MAYA!
ALSO A BOOK OF THE BIBLE
GODFATHERS OF SOLE
FILMS OF THE '60s
HOW'S IT "HANG"ING?
    $200 12
Spain

Doug
    $200 17
Oprah

Doug
    $200 6
(Doug: What are justices?)
...
(Alex: It has to be a book of the Bible.)

Judges

DonnaDoug
    $200 11
Carlos Santana

Doug
    $200 1
Frank Sinatra

Bobby
    $200 25
an airplane hangar

Doug
    $400 13
Glen Campbell

Donna
    $400 18
Bill Clinton

Doug
    $400 7
Ruth

Bobby
    $400 20
Buster Brown

Donna
    $400 2
rugby

Donna
    $400 26
hangover

Bobby
    $600 14
the Diamondbacks

Doug
    $600 19
Roots

Bobby
    $600 8
(Doug: Who the Psalms?)

Proverbs

DonnaDoug
    $600 22
Louis Vuitton

Bobby
    $600 3
(Doug: Who is Tony Curtis?)

Robert Redford

DonnaDoug
    $600 27
the Hanging Gardens of Babylon

Bobby
    $800 15
Barry Goldwater

Doug
    $800 21
I Know Why the Caged Bird Sings

Bobby
    $800 9
Exodus

Doug
    $800 23
Birkenstocks

Bobby
    $1,000 4
(Donna: I don't know.)

The Hustler

Donna
    $800 28
hang gliders

Doug
    $1000 16
(Bobby: What is the Colorado River?)

Valley of the Sun

Bobby
Triple Stumper
    $1000 30
Janet Jackson

Donna
    $1000 10
Genesis

Bobby
    $1000 24
Manolo Blahniks

Doug
    $1000 5
(Doug: What is "Thunderball?")

Dr. No

DonnaDoug
    $1000 29
hang ten

Bobby

Scores at the first commercial break (after clue 16):

Bobby Donna Doug
$600 $2,200 $200

Scores at the end of the Jeopardy! Round:

Bobby Donna Doug
$5,400 $3,600 $2,800

Double Jeopardy! Round responses

CHEMISTRY
(Alex: Oh boy!)
TEA TIME
OPERAS BY CHARACTER
INITIALLY YOURS
POP "I"
THE SAILOR MAN
    $400 1
vapor

Bobby
    $400 16
oolong

Bobby
    $400 22
Carmen

Bobby
    $400 3
E.E. Cummings

Bobby
    $400 11
"Imagine"

Doug
    $400 17
Carter

Donna
    $800 2
TNT

Donna
    $800 18
(Bobby: What is ginseng tea?)
...
(Alex: [Before clue 20] The dynamics of this game are about to change so slightly; our researchers have been busy in the last few minutes checking up on Bobby's response a little while ago of "ginseng tea" and it is acceptable, even though we were going for [*].)

green tea

BobbyDoug
    $800 24
(Bobby: What is "The Mikado?")

Madame Butterfly

BobbyDonna
    $800 7
A.B. Dick

Bobby
    $800 12
INXS

Doug
    $800 19
Captain Bligh

Doug
    $1200 4
(Doug: What is ice?)

crystal

BobbyDoug
    $1200 26
Arnold Palmer

Triple Stumper
    $1200 25
Aida

Bobby
    $1200 8
P.W. Botha

Donna
    $1200 13
"Intuition"

Donna
    $1,200 20
(Doug: Who is Balboa?)

Ferdinand Magellan

Doug
    $1600 5
reduction

Doug
    $1600 27
chamomile

Bobby
    $1600 29
(Doug: What is "The Marriage of Figaro"?)

The Barber of Seville

DonnaDoug
    $1600 9
E.M. Forster

Donna
    $1600 14
Ill Communication

Doug
    $1600 21
(Captain) Cook

Donna
    $2000 6
hydrogen

Bobby
    $2000 28
tea infuser/strainer

Triple Stumper
    $2,000 30
(Donna: What is "Don Giovanni?")

La boheme

Donna
    $2000 10
J.M.W. Turner

Doug
    $2000 15
the Ides of March

Donna
    $2000 23
(Chester) Nimitz

Bobby

Scores at the end of the Double Jeopardy! Round:

Bobby Donna Doug
$15,800 $12,800 $6,800

[wagering suggestions for these scores]

Final Jeopardy! Round responses

BRAND NAMES
(Alex: It started out as a suntanning oil or lotion & now is more of a sunscreen product.)
DougWhat Burnaid
$6,800
DonnaWhat is [Burns] sunburn
$11,000
BobbyWhat is Ponds?
$10,000
Coppertone

Final scores:

Bobby Donna Doug
$5,800 $1,800 $0
3-day champion: $42,200 2nd place: $2,000 3rd place: $1,000

Game dynamics:

Coryat scores:

Bobby Donna Doug
$15,800 $15,800 $8,000
21 R,
2 W
17 R,
2 W
(including 2 DDs)
17 R,
7 W
(including 1 DD)

Combined Coryat: $39,600

[game clues] [game scores] [suggest correction]

Game tape date: 2003-12-09
The J! Archive is created by fans, for fans. Scraping, republication, monetization, and malicious use prohibited; this site may use cookies and collect identifying information. See terms. The Jeopardy! game show and all elements thereof, including but not limited to copyright and trademark thereto, are the property of Jeopardy Productions, Inc. and are protected under law. This website is not affiliated with, sponsored by, or operated by Jeopardy Productions, Inc. Join the discussion at JBoard.tv.